[Event "RUS-ch U26"]
[Site "Uljanovsk"]
[Date "2012.09.18"]
[Round "2"]
[White "Shukh, Nikolai"]
[Black "Dankin, Maxim"]
[Result "1-0"]
[WhiteElo "2434"]
[BlackElo "2091"]
[PlyCount "107"]
[EventDate "2012.09.17"]
[EventType "swiss"]
[EventRounds "9"]
[EventCountry "RUS"]
[SourceTitle "CBM 150 Extra"]
[Source "ChessBase"]
[SourceDate "2012.10.19"]
[SourceVersion "1"]
[SourceVersionDate "2012.10.19"]
[SourceQuality "1"]

1. e4 c5 2. d4 cxd4 3. c3 d5 4. exd5 Qxd5 5. cxd4 Nc6 6. Nf3 Bg4 7. Be2 e6 8. Nc3 Qa5 9. 0-0 Nf6 10. Qb3 Qb4 11. Qxb4 Bxb4 12. a3 Be7 13. Be3 0-0 14. h3 Bh5 15. g4 Bg6 16. Ne5 Nxe5 17. dxe5 Ne4 18. Rac1 Nxc3 19. Rxc3 Be4 20. Rfc1 a6 21. Bb6 h6 22. Bf3 Bxf3 23. Rxf3 Rfc8 24. Rfc3 Rxc3 25. Rxc3 Bd8 26. Rb3 Be7 27. Rd3 Rc8 28. Rd7 Bc5 29. Rxb7 Rc6 30. Ba7 a5 31. Bxc5 Rxc5 32. f4 g5 33. Kf2 gxf4 34. Kf3 Rxe5 35. Kxf4 Rd5 36. Ke4 h5 37. b4 axb4 38. axb4 hxg4 39. hxg4 Kg7 40. b5 Rg5 41. Kf4 Rc5 42. b6 Rb5 43. Rb8 Kf6 44. b7 Rb4+ 45. Ke3 e5 46. g5+ Kg7 47. Kd3 Rd4+ 48. Kc3 Rd7 49. Rg8+ Kxg8 50. b8Q+ Kg7 51. Qxe5+ Kf8 52. Kc4 Rd8 53. Qf6 Re8 54. g6 1-0

[Event "RSSU-chT"]
[Site "Moscow"]
[Date "2010.12.01"]
[Round "1"]
[White "Papin, Vasily"]
[Black "Dankin, Maxim"]
[Result "1-0"]
[WhiteElo "2541"]
[BlackElo "2132"]
[PlyCount "37"]
[EventDate "2010.12.01"]
[EventType "team-swiss"]
[EventRounds "9"]
[EventCountry "RUS"]
[SourceTitle "CBM 139 Extra"]
[Source "ChessBase"]
[SourceDate "2011.01.05"]
[SourceVersion "1"]
[SourceVersionDate "2011.01.05"]
[SourceQuality "1"]

1. d4 Nf6 2. Nf3 g6 3. c4 Bg7 4. g3 0-0 5. Bg2 d5 6. cxd5 Nxd5 7. 0-0 Nc6 8. e4 Nb6 9. d5 Nb8 10. Qb3 e6 11. Rd1 Qe8 12. Nc3 exd5 13. exd5 c6 14. Bf4 cxd5 15. Bd6 Be6 16. Ng5 Qd8 17. Bxf8 Bxf8 18. Nxe6 fxe6 19. Nxd5 1-0

[Event "RUS-chT U26"]
[Site "Belgorod"]
[Date "2008.10.10"]
[Round "6"]
[White "Kharitonov, Anton"]
[Black "Dankin, Maxim"]
[Result "0-1"]
[WhiteElo "1999"]
[BlackElo "2137"]
[PlyCount "62"]
[EventDate "2008.10.05"]
[EventType "team"]
[EventRounds "9"]
[EventCountry "RUS"]
[SourceTitle "EXT 2010"]
[Source "ChessBase"]
[SourceDate "2010.11.25"]
[SourceVersion "1"]
[SourceVersionDate "2010.11.25"]
[SourceQuality "1"]

1. d4 Nf6 2. c4 e6 3. Nc3 Bb4 4. Nf3 b6 5. Bg5 Bb7 6. e3 h6 7. Bh4 0-0 8. Bd3 Bxc3+ 9. bxc3 d6 10. Rc1 c5 11. Bb1 Nbd7 12. 0-0 Qc7 13. Nd2 Rfe8 14. f3 Ba6 15. Re1 e5 16. d5 Kh8 17. g4 g5 18. Bg3 Rg8 19. Kf2 Kg7 20. Qc2 Rae8 21. h4 e4 22. Qd1 exf3 23. Qxf3 Ne5 24. Bxe5 Rxe5 25. Bf5 Bc8 26. e4 Bxf5 27. gxf5 g4 28. Qf4 Kh7 29. Nf1 Nh5 30. Qe3 Qe7 31. Ke2 Rxe4 0-1

[Event "RUS-chT U26"]
[Site "Belgorod"]
[Date "2008.10.07"]
[Round "3"]
[White "Dankin, Maxim"]
[Black "Lebedev, Mikhail"]
[Result "1-0"]
[WhiteElo "2137"]
[BlackElo "1936"]
[PlyCount "91"]
[EventDate "2008.10.05"]
[EventType "team"]
[EventRounds "9"]
[EventCountry "RUS"]
[SourceTitle "EXT 2010"]
[Source "ChessBase"]
[SourceDate "2010.11.25"]
[SourceVersion "1"]
[SourceVersionDate "2010.11.25"]
[SourceQuality "1"]

1. d4 Nf6 2. Nf3 g6 3. c4 Bg7 4. Nc3 d6 5. e4 0-0 6. Be2 e5 7. 0-0 exd4 8. Nxd4 Re8 9. f3 Nc6 10. Be3 Nh5 11. Nxc6 bxc6 12. Qd2 f5 13. Bg5 Qd7 14. Bd3 Qf7 15. g4 Nf6 16. exf5 gxf5 17. gxf5 d5 18. b3 Kh8 19. Rac1 Nh5 20. cxd5 Bxf5 21. Bxf5 Qxf5 22. dxc6 Qh3 23. Qd7 Qe6 24. Qxe6 Rxe6 25. Ne4 Rg8 26. Kh1 Bb2 27. Rc2 Be5 28. f4 Bd4 29. Ng3 Nxg3+ 30. hxg3 h6 31. Bh4 Rge8 32. Rd1 Re1+ 33. Rxe1 Rxe1+ 34. Kg2 Kg7 35. g4 Re4 36. Bg3 Bb6 37. Kh3 a5 38. f5 a4 39. Rc4 Re2 40. Rxa4 Rc2 41. a3 Rxc6 42. Rc4 Rxc4 43. bxc4 c6 44. Kh4 Be3 45. a4 Bd2 46. Bc7 1-0